Hochschullehrer-Verzeichnis / Bd. 1 Universitäten Deutschland
| Format: | Print Journal |
|---|---|
| Language: | German |
| Published: |
Berlin Boston, Mass.
de Gruyter Saur
1987-[2023]
Bonn Jackwerth & Welker anfangs München Saur früher Berlin New York, NY de Gruyter Saur früher |
| In: | Year: 1987 |
| Availability in Tübingen: | Present in Tübingen. IFK: X I 132 |
| Check availability: | HBZ Gateway |
| Subito Delivery Service: | Order now. |
| Volumes / Articles: | Show volumes/articles. |
| Keywords: |
MARC
| LEADER | 00000cas a2200000 c 4500 | ||
|---|---|---|---|
| 001 | 13043454X | ||
| 003 | DE-627 | ||
| 005 | 20260207115338.0 | ||
| 007 | tu | ||
| 008 | 931116d19872023gw a| p| r 0 |0ger c | ||
| 015 | |a 94,A33,1061 |2 dnb | ||
| 016 | 7 | |a 013733206 |2 DE-101 | |
| 016 | 7 | |a 640142-9 |2 DE-600 | |
| 022 | |a 0945-5280 | ||
| 035 | |a (DE-627)13043454X | ||
| 035 | |a (DE-603)047962844 | ||
| 035 | |a (DE-576)015930335 | ||
| 035 | |a (DE-599)ZDB640142-9 | ||
| 035 | |a (OCoLC)644413012 | ||
| 035 | |a (DE-615)00247571 | ||
| 040 | |a DE-627 |b ger |c DE-627 |e rakwb | ||
| 041 | |a ger | ||
| 044 | |c XA-DE | ||
| 072 | 7 | |a SOC002000 |2 bisacsh | |
| 072 | 7 | |a REF000000 |2 bisacsh | |
| 072 | 7 | |a SCI000000 |2 bisacsh | |
| 072 | 7 | |a REF009000 |2 bisacsh | |
| 082 | 0 | 4 | |a 370 |q DE-600 |
| 084 | |a ALLG 782 |2 sfb | ||
| 084 | |a 22 |a 04 |a 370 |2 sdnb | ||
| 084 | |a 24,2 |a 24 |2 ssgn | ||
| 084 | |a AL 13011 |2 rvk |0 (DE-625)rvk/2777:668 | ||
| 084 | |a AL 31600 |2 rvk |0 (DE-625)rvk/2923: | ||
| 084 | |a AL 13010 |2 rvk |0 (DE-625)rvk/2777:667 | ||
| 084 | |a 81.31 |2 bkl | ||
| 084 | |a 01.24 |2 bkl | ||
| 084 | |a 81.80 |2 bkl | ||
| 084 | |a 81.40 |2 bkl | ||
| 222 | 0 | |a Hochschullehrer-Verzeichnis. Band 1, Universitäten Deutschland | |
| 245 | 0 | 0 | |a Hochschullehrer-Verzeichnis |n Bd. 1 |p Universitäten Deutschland |c Deutscher Hochschulverband |
| 246 | 1 | |i Abweichender Titel |a Hochschullehrer-Verzeichnis / 1 | |
| 247 | 1 | 0 | |a Universitäten |f Sachl. Benennung anfangs |
| 247 | 1 | 0 | |a Wissenschaftliche Hochschulen Bundesrepublik Deutschland |f Sachl. Benennung bis 8.1999 |
| 264 | 3 | 1 | |a Berlin |a Boston, Mass. |b de Gruyter Saur |c 1987-[2023] |
| 264 | 2 | 1 | |a Bonn |b Jackwerth & Welker |c anfangs |
| 264 | 2 | 1 | |a München |b Saur |c früher |
| 264 | 2 | 1 | |a Berlin |a New York, NY |b de Gruyter Saur |c früher |
| 300 | |c 29 cm | ||
| 336 | |a Text |b txt |2 rdacontent | ||
| 337 | |a ohne Hilfsmittel zu benutzen |b n |2 rdamedia | ||
| 338 | |a Band |b nc |2 rdacarrier | ||
| 362 | 0 | |a 3.1987/88(1987) - 17.2009; 17.2010; 19.2011-31. Auflage (2023) | |
| 363 | 0 | 0 | |a 3 |i 1987/88 |
| 363 | 1 | 0 | |i 2023 |a 31 |
| 500 | |a Fortgesetzt als Monografie | ||
| 500 | |a Erscheint jährlich | ||
| 500 | |a 5.1991/92 - 8.1999 als Losebl.-Ausg | ||
| 500 | |a Mit Erg.-Lfg | ||
| 515 | |a Jahrgang 17 doppelt gezählt; 24.2016 auf dem Umschlag als 22 bezeichnet | ||
| 583 | 1 | |a Archivierung/Langzeitarchivierung gewährleistet |c 2020 |f PENW |2 pdager |5 DE-5 | |
| 583 | 1 | |3 1995-2023 |a Archivierung/Langzeitarchivierung gewährleistet |f PEBE |2 pdager |5 DE-109 | |
| 591 | |a 24!Manifestation, die immer das gleiche Werk in aktualisierter Form verkörpert(10-07-24) | ||
| 650 | 7 | |8 1.1\x |a Hochschullehrer |0 (DE-627)091366097 |0 (DE-2867)11372-1 |2 stw | |
| 650 | 7 | |8 1.2\x |a Deutschland |0 (DE-627)091354749 |0 (DE-2867)18012-3 |2 stw | |
| 650 | 7 | |8 1.3\x |a Hochschule |0 (DE-627)091366054 |0 (DE-2867)11373-6 |2 stw | |
| 650 | 4 | |a Hochschullehrer | |
| 651 | 7 | |a Deutschland <DDR> |2 gnd | |
| 655 | 7 | |a Zeitschrift |0 (DE-588)4067488-5 |0 (DE-627)10454466X |0 (DE-576)20917000X |2 gnd-content | |
| 655 | 7 | |a Verzeichnis |0 (DE-588)4188171-0 |0 (DE-627)105266639 |0 (DE-576)210051078 |2 gnd-content | |
| 655 | 7 | |a Adressbuch |0 (DE-588)4141451-2 |0 (DE-627)104589043 |0 (DE-576)209711442 |2 gnd-content | |
| 689 | 0 | 0 | |d g |0 (DE-588)4011882-4 |0 (DE-627)104704861 |0 (DE-576)208896155 |a Deutschland |2 gnd |
| 689 | 0 | 1 | |d s |0 (DE-588)4025243-7 |0 (DE-627)106294369 |0 (DE-576)208959793 |a Hochschullehrer |2 gnd |
| 689 | 0 | |5 DE-101 | |
| 935 | |a mteo | ||
| 936 | r | v | |a AL 13011 |b Deutschland (Westliche Länder) |k Allgemeines |k Hochschul- und Universitätswesen |k Nachschlagewerke, Allgemeine Darstellungen |k Adressbücher, Verzeichnisse |k Europa |k Mitteleuropa |k Deutschland |k Deutschland (Westliche Länder) |0 (DE-627)1271703092 |0 (DE-625)rvk/2777:668 |0 (DE-576)201703092 |
| 936 | r | v | |a AL 31600 |b Allgemeines |k Allgemeines |k Hochschul- und Universitätswesen |k Lehrkörper |k Allgemeines |0 (DE-627)127065957X |0 (DE-625)rvk/2923: |0 (DE-576)20065957X |
| 936 | r | v | |a AL 13010 |b Deutschland |k Allgemeines |k Hochschul- und Universitätswesen |k Nachschlagewerke, Allgemeine Darstellungen |k Adressbücher, Verzeichnisse |k Europa |k Mitteleuropa |k Deutschland |0 (DE-627)1270706802 |0 (DE-625)rvk/2777:667 |0 (DE-576)200706802 |
| 936 | b | k | |a 81.31 |j Lehrpersonal |j Erziehungspersonal |0 (DE-627)106422723 |
| 936 | b | k | |a 01.24 |j Adressbücher |0 (DE-627)106403478 |
| 936 | b | k | |a 81.80 |j Hochschulen |j Fachhochschulen |0 (DE-627)106422847 |
| 936 | b | k | |a 81.40 |j Schulwesen |j Hochschulwesen |j Ausbildungswesen: Allgemeines |0 (DE-627)106422758 |
| 936 | s | n | |a a100 |2 mzub |
| 936 | s | n | |a d100 |2 mzub |
| 938 | 1 | 0 | |0 (DE-627)175614625X |0 (DE-615)6603417 |a Deutschland |2 fivt |
| 938 | 1 | 0 | |0 (DE-627)1756200734 |0 (DE-615)6601809 |a Hochschullehrer |2 fivt |
| 938 | 1 | 0 | |0 (DE-627)1756212899 |0 (DE-615)6609785 |a Hochschule |2 fivt |
| 951 | |a JT | ||
| ELC | |b 1 | ||
| LOK | |0 000 xxxxxcx a22 zn 4500 | ||
| LOK | |0 001 2555693971 | ||
| LOK | |0 003 DE-627 | ||
| LOK | |0 004 13043454X | ||
| LOK | |0 005 20140722114456 | ||
| LOK | |0 008 071113||||||||||||||||ger||||||| | ||
| LOK | |0 040 |a DE-21-110 |c DE-627 |d DE-21-110 | ||
| LOK | |0 852 |a DE-21-110 | ||
| LOK | |0 852 1 |c X I 132 |m p |9 00 | ||
| LOK | |0 938 |k p | ||
| LOK | |0 939 |a 13-11-07 |b l01 | ||
| ORI | |a SA-MARC-krimdoka001.raw | ||
| SIG | |a IFK: X I 132 | ||
| SPR | |a 1 |t KRI | ||
| TIM | |a 100019901003_100020261231 |b 1990-10-03 - 2026 | ||
